| 000 | 00421nam a22001697a 4500 | ||
|---|---|---|---|
| 022 | _a9241700513 | ||
| 082 |
_a363.7392 _bANA _cD |
||
| 100 |
_aW.H.O _938238 |
||
| 245 |
_aAnalysing and interpreting air monitoring data _cW.H.O |
||
| 250 | _a52 | ||
| 260 |
_aGeneva _bW.H.O _c1980 |
||
| 300 | _a59.: | ||
| 526 |
_a0 _b0 _c0 _d363_739200000000000_ANA |
||
| 650 |
_aNUST _96342 |
||
| 700 |
_aW.H.O _938238 |
||
| 942 |
_2ddc _cBK |
||
| 999 |
_c542881 _d542881 |
||